| 000 | 00409nam a2200181Ia 4500 | ||
|---|---|---|---|
| 008 | 210210b1958 xxu||||| |||| 00| 0 eng d | ||
| 041 | _aeng | ||
| 082 | _a330/279 | ||
| 100 | _aMcCONNELL (John W) | ||
| 245 | _aEconomists: past and present | ||
| 260 |
_aNew York _b- _c1958 |
||
| 650 | _apresent | ||
| 650 | _apast | ||
| 650 | _aEconomists: | ||
| 650 | _aand | ||
| 690 | _aEconomics | ||
| 906 | _a003682 | ||
| 999 |
_c120233 _d120233 |
||